zpět

Detail výsledku týmu

Pod Věží, Pelhřimov

Datum a čas kvízu

36.5 Celkem bodů Celkový počet nahraných bodů na tomto kvízu bez doplňovacích otázek.
3. Pořadí na kvízu Konečné umístění týmu na tomto kvízu.

Zaznamenané odpovědi

# Otázka Odpověď Body Výsledky
1. Ve svatovítské katedrále se v... Petr Fiala 0
2. V rakouském St. Pölten se na t... o losa 1
3. V noci ze středy na čtvrtek by... Jimmy Kimmel 1
4. Finská firma Bluefors uzavřela... na Měsíci 0
5. Jak se jmenuje český skokan do... Jan Štefela 1
6. Ve spolupráci s Radou Evropy j... 1D 2C 3A 4B 1
7. Co znamená maďarské slovo hétf... pondělí 0
8. Jak se jmenuje autonomní oblas... Vojvodina 0
9. Která z těchto knih nebyla nap... A 1
10. Pozoruhodným jazykem je velšti... křeček 1